Statistics for Random Countries on a World Map

Click here to take the quiz!

General Stats

  • This quiz has been taken 25 times
  • The average score is 28 of 33

Answers on the Map

Answers color-coded by a green-red scale on the quiz's map according to % correct below.
 

Answer Stats

Answer% Correct
Mexico
96%
Cambodia
91%
Dominican Republic
91%
Uzbekistan
91%
Albania
87%
Angola
87%
Botswana
87%
Brazil
87%
Hungary
87%
Iraq
87%
Portugal
87%
Australia
83%
Fiji
83%
Greece
83%
Honduras
83%
Indonesia
83%
Maldives
83%
Netherlands
83%
Nigeria
83%
Panama
83%
Romania
83%
Russia
83%
Saudi Arabia
83%
Seychelles
83%
Sri Lanka
83%
United Arab Emirates
83%
United Kingdom
83%
Comoros
78%
Costa Rica
78%
Kuwait
78%
Slovakia
78%
Brunei
70%
Mauritius
70%

Score Distribution

Percentile by Number Answered

Percent of People with Each Score

Your Score History

You have not taken this quiz